[Event "4NCL Divsion 4 South"]
[Site "Telford, ENG ENG"]
[Date "2015.11.14"]
[Round "1.99"]
[White "Calvert, D Ian"]
[Black "Ireland, David J"]
[Result "1/2-1/2"]
[WhiteElo "1986"]
[BlackElo "1908"]
[PlyCount "124"]
[EventDate "2015.11.14"]

1. b3 Nf6 2. Bb2 g6 3. Bxf6 exf6 4. c4 Bg7 5. Nc3 f5 6. g3 Nc6 7. Bg2 b6 8. e3
Bxc3 9. dxc3 Qf6 10. Ne2 Bb7 11. O-O O-O-O 12. Nd4 h5 13. h4 Nxd4 14. Bxb7+
Kxb7 15. cxd4 g5 16. Qf3+ c6 17. hxg5 Qxg5 18. Qf4 f6 19. Qxg5 fxg5 20. Kg2 h4
21. gxh4 Rxh4 22. Rh1 Rdh8 23. Rxh4 Rxh4 24. Kf3 Rh3+ 25. Ke2 Kc7 26. Rg1 Rh5
27. f3 Kd6 28. e4 Ke6 29. Rg2 d6 30. Ke3 Kf6 31. b4 fxe4 32. Kxe4 Rh4+ 33. Ke3
c5 34. bxc5 dxc5 35. dxc5 bxc5 36. Rd2 Rxc4 37. Rd6+ Ke5 38. Ra6 Rc3+ 39. Kf2
Kf4 40. Rf6+ Ke5 41. Ra6 c4 42. Rxa7 Rd3 43. Ke2 Rd5 44. Rc7 Kd4 45. Kd2 Ra5
46. Rd7+ Kc5 47. Rc7+ Kd5 48. Kc3 Rxa2 49. Rd7+ Ke6 50. Rg7 Kf6 51. Rg8 Ra4 52.
Kd4 Kf5 53. Rf8+ Kg6 54. Rg8+ Kf6 55. Rf8+ Kg7 56. Rf5 Kg6 57. Rf8 Kh5 58. Rh8+
Kg6 59. Rg8+ Kh6 60. Rh8+ Kg7 61. Rh5 Kf6 62. Rh8 Kg7 1/2-1/2

[Event "4NCL Divsion 4 South"]
[Site "Telford, ENG ENG"]
[Date "2015.11.14"]
[Round "1.99"]
[White "Pink, Joshua"]
[Black "Feavyour, John A"]
[Result "1-0"]
[WhiteElo "1908"]
[BlackElo "1990"]
[PlyCount "81"]
[EventDate "2015.11.14"]

1. e4 c5 2. Nf3 d6 3. d4 cxd4 4. Nxd4 Nf6 5. Nc3 a6 6. Be3 e5 7. Nb3 Be6 8. Qd2
Be7 9. Be2 O-O 10. O-O-O b5 11. f3 Nbd7 12. g4 Nb6 13. g5 Nfd7 14. Kb1 Nc4 15.
Bxc4 bxc4 16. Nc1 Nb6 17. h4 Rb8 18. f4 exf4 19. Bxf4 Nc8 20. Be3 f5 21. exf5
Rxf5 22. Rhf1 Rxf1 23. Rxf1 d5 24. h5 Ba3 25. b3 Bb4 26. g6 Nd6 27. gxh7+ Kxh7
28. Bd4 Ne4 29. Qe3 Bxc3 30. Bxc3 Nxc3+ 31. Qxc3 Qg5 32. Ne2 cxb3 33. axb3 Bf5
34. Nd4 Be4 35. Ne6 Qg4 36. h6 Kxh6 37. Qe3+ Kh7 38. Ng5+ Kg6 39. Nxe4 Kh7 40.
Rh1+ Kg8 41. Nf6+ 1-0

[Event "4NCL Divsion 4 South"]
[Site "Telford, ENG ENG"]
[Date "2015.11.14"]
[Round "1.99"]
[White "Dickson, George"]
[Black "Goodwin, Ed H"]
[Result "0-1"]
[WhiteElo "2022"]
[BlackElo "1845"]
[PlyCount "84"]
[EventDate "2015.11.14"]

1. e4 e6 2. d3 d5 3. Nd2 Nf6 4. g3 Bc5 5. e5 Nfd7 6. Ngf3 Nc6 7. Nb3 Be7 8. d4
f6 9. Bh3 fxe5 10. Bxe6 e4 11. Ng5 Bxg5 12. Qh5+ g6 13. Qxg5 Qxg5 14. Bxg5 Nb6
15. Bxc8 Rxc8 16. O-O O-O 17. Rad1 Nc4 18. Rb1 Rf7 19. Nd2 Nxd2 20. Bxd2 Nxd4
21. Rfd1 Nf3+ 22. Kg2 Nxd2 23. Rxd2 Rcf8 24. Re1 c6 25. Re3 Rf3 26. Ree2 b5 27.
Rd4 R8f5 28. Rdd2 a5 29. Re3 Rxe3 30. fxe3 Rf3 31. Re2 Kg7 32. c3 a4 33. a3 Kf6
34. Rf2 Rxf2+ 35. Kxf2 Ke5 36. Ke2 Kd6 37. Kd2 Kc5 38. g4 g5 39. h3 Kc4 40. Kc2
h6 41. Kd2 c5 42. Kc2 d4 0-1

[Event "4NCL Divsion 4 South"]
[Site "Telford, ENG ENG"]
[Date "2015.11.14"]
[Round "1.99"]
[White "Byrne, Nigel"]
[Black "Kenning, Paul H"]
[Result "1/2-1/2"]
[WhiteElo "1870"]
[BlackElo "1866"]
[PlyCount "74"]
[EventDate "2015.11.14"]

1. e4 d6 2. d4 Nf6 3. Nc3 c6 4. Bg5 Nbd7 5. Nf3 h6 6. Be3 e5 7. h3 Be7 8. Be2
Qc7 9. O-O b5 10. Bd3 Bb7 11. a3 O-O 12. Nh4 exd4 13. Bxd4 Ne5 14. Nf5 a6 15.
f4 Nxd3 16. Qxd3 c5 17. Bf2 b4 18. axb4 cxb4 19. Nd5 Nxd5 20. exd5 Bf6 21. Bd4
Bxd4+ 22. Qxd4 Qc5 23. Qxc5 dxc5 24. Ra5 Rfe8 25. Rxc5 Rac8 26. Rxc8 Bxc8 27.
Nd6 Rd8 28. Nxc8 Rxc8 29. Rf2 Kf8 30. Rd2 Ke7 31. Kf2 Kd6 32. Ke3 a5 33. Ke4
Rc5 34. g4 Rc4+ 35. Ke3 a4 36. Rd4 Rxc2 37. Rxb4 Kxd5 1/2-1/2

[Event "4NCL Divsion 4 South"]
[Site "Telford, ENG ENG"]
[Date "2015.11.14"]
[Round "1.99"]
[White "Collins, Jonathan"]
[Black "Price, Andrew"]
[Result "1/2-1/2"]
[WhiteElo "1889"]
[BlackElo "1900"]
[PlyCount "76"]
[EventDate "2015.11.14"]

1. d4 d5 2. Nf3 Nf6 3. e3 e6 4. Bd3 c5 5. c3 Nc6 6. Nbd2 Qc7 7. Qe2 Be7 8. dxc5
Bxc5 9. e4 dxe4 10. Nxe4 Be7 11. Bd2 O-O 12. Nxf6+ Bxf6 13. Qe4 g6 14. Bf4 e5
15. Bh6 Re8 16. g4 Be6 17. Ng5 Rad8 18. Nxe6 Rxe6 19. h4 Red6 20. O-O-O Qe7 21.
g5 Bg7 22. Bxg7 Kxg7 23. Rh3 Qe6 24. Rdh1 Qxa2 25. h5 Qd5 26. hxg6 hxg6 27.
Rh7+ Kf8 28. Qxd5 Rxd5 29. Bc4 R5d7 30. b4 e4 31. Rh8+ Ke7 32. R8h4 a6 33.
Rxe4+ Kf8 34. Rh7 Rd1+ 35. Kb2 R8d2+ 36. Kb3 Rb1+ 37. Ka3 Ra1+ 38. Kb3 Rb1+
1/2-1/2

[Event "4NCL Divsion 4 South"]
[Site "Telford, ENG ENG"]
[Date "2015.11.14"]
[Round "1.99"]
[White "Olaleye, Oladejo"]
[Black "Ukken, Somton"]
[Result "0-1"]
[WhiteElo "1892"]
[BlackElo "1894"]
[PlyCount "110"]
[EventDate "2015.11.14"]

1. e4 d5 2. e5 c5 3. f4 Nc6 4. Nf3 Bf5 5. c3 e6 6. Be2 c4 7. O-O Bc5+ 8. Kh1
Nge7 9. d4 cxd3 10. Bxd3 Bxd3 11. Qxd3 Nf5 12. b4 Bb6 13. b5 Na5 14. Nd4 Bxd4
15. cxd4 Qb6 16. Rd1 O-O 17. a4 Rfc8 18. Na3 Qxd4 19. Qxd4 Nxd4 20. Rb1 Ne2 21.
Re1 Nc3 22. Rb4 Na2 23. Rb1 Nc3 24. Rb4 Ne4 25. Bb2 Nf2+ 26. Kg1 Nd3 27. Rd1
Nxb4 28. Kf2 Nc4 29. Bc1 Nxa3 30. Bxa3 Rc2+ 31. Kf1 Rc4 32. g3 Nc2 33. Bc1 Rxa4
34. f5 Ra1 35. Ke2 Nd4+ 36. Rxd4 Rxc1 37. f6 Rc4 38. Rd1 a5 39. bxa6 Rxa6 40.
Rb1 b6 41. h4 gxf6 42. exf6 h6 43. Rb2 Rc6 44. g4 Ra8 45. g5 hxg5 46. hxg5 Kh7
47. Kf3 Ra3+ 48. Kf4 Ra4+ 49. Ke3 Kg6 50. Kd3 Rh4 51. Rg2 Rcc4 52. Kd2 b5 53.
Kd3 b4 54. Rg1 b3 55. Rb1 Rh3+ 0-1

[Event "4NCL Divsion 4 South"]
[Site "Telford, ENG ENG"]
[Date "2015.11.14"]
[Round "1.99"]
[White "Davis, Lee"]
[Black "Gregory, Andrew M"]
[Result "1-0"]
[WhiteElo "1994"]
[BlackElo "1979"]
[PlyCount "81"]
[EventDate "2015.11.14"]

1. d4 Nf6 2. g3 d5 3. Bg2 g6 4. Nf3 Bg7 5. O-O O-O 6. c4 c6 7. cxd5 cxd5 8. Ne5
Nc6 9. Nxc6 bxc6 10. Nc3 Re8 11. Bf4 Nh5 12. Rc1 Nxf4 13. gxf4 Qd6 14. e3 Rb8
15. Na4 f6 16. Qc2 Bd7 17. Qc5 Rec8 18. b3 Rb7 19. Rc3 Rcb8 20. Qxd6 exd6 21.
Rfc1 Kf8 22. Rxc6 Bxc6 23. Rxc6 Ke7 24. Bxd5 Kd7 25. Ra6 Rc7 26. Nb2 Rb5 27.
Bc4 Rb6 28. Ra5 Bf8 29. Bd5 Be7 30. Nc4 Rb8 31. Ra6 Rb5 32. e4 f5 33. f3 fxe4
34. fxe4 Bf8 35. Kg2 Kc8 36. Kf3 Rxd5 37. exd5 Kb7 38. Ra4 Rf7 39. Na5+ Kb6 40.
Nc4+ Kb5 41. a3 1-0

[Event "4NCL Divsion 4 South"]
[Site "Telford, ENG ENG"]
[Date "2015.11.14"]
[Round "1.99"]
[White "Taylor, William J"]
[Black "Fletcher, John"]
[Result "1/2-1/2"]
[WhiteElo "1957"]
[BlackElo "1989"]
[PlyCount "60"]
[EventDate "2015.11.14"]

1. e4 c5 2. Nf3 Nc6 3. d4 cxd4 4. Nxd4 Nf6 5. Nc3 e5 6. Ndb5 d6 7. Bg5 a6 8.
Na3 b5 9. Nd5 Be7 10. Bxf6 Bxf6 11. c4 Nd4 12. cxb5 Bb7 13. Bc4 Qa5+ 14. Nc3
Bxe4 15. O-O Bb7 16. bxa6 Bxa6 17. Bxa6 Rxa6 18. Nc2 Nxc2 19. Qxc2 O-O 20. Rfd1
Rc8 21. Qf5 Rac6 22. Ne4 Be7 23. Nxd6 Bxd6 24. Rxd6 g6 25. Qd7 Rc1+ 26. Rd1
R1c2 27. a4 Qb6 28. Rf1 Qxb2 29. Rab1 Qa3 30. Ra1 Qb2 1/2-1/2

[Event "4NCL Divsion 4 South"]
[Site "Telford, ENG ENG"]
[Date "2015.11.14"]
[Round "1.99"]
[White "Adams, Mark"]
[Black "Davies, Matthew"]
[Result "1/2-1/2"]
[WhiteElo "1984"]
[BlackElo "1950"]
[PlyCount "51"]
[EventDate "2015.11.14"]

1. e4 e6 2. d4 d5 3. Nc3 Nf6 4. e5 Nfd7 5. f4 c5 6. Nf3 Nc6 7. Be3 Qb6 8. Na4
Qa5+ 9. c3 c4 10. b4 Nxb4 11. cxb4 Bxb4+ 12. Kf2 b5 13. a3 Be7 14. Nc5 Qc7 15.
Nxd7 Bxd7 16. Qc2 a5 17. Be2 Rb8 18. Rhb1 O-O 19. Bd2 Rfc8 20. Be1 Qb6 21. Kf1
Rb7 22. g4 g6 23. h4 b4 24. axb4 axb4 25. g5 Kg7 26. Kg2 1/2-1/2

[Event "4NCL Divsion 4 South"]
[Site "Telford, ENG ENG"]
[Date "2015.11.14"]
[Round "1.99"]
[White "Staniforth, Matthew"]
[Black "Davies, Peter"]
[Result "1/2-1/2"]
[WhiteElo "1868"]
[BlackElo "2013"]
[PlyCount "72"]
[EventDate "2015.11.14"]

1. e4 e5 2. Nf3 Nc6 3. Nc3 Nf6 4. Be2 d5 5. exd5 Nxd5 6. O-O Nxc3 7. bxc3 e4 8.
Ne1 Be7 9. f3 exf3 10. Bxf3 O-O 11. d4 Bf6 12. Ba3 Be7 13. Bb2 Na5 14. Be4 f5
15. Bd3 Be6 16. Qe2 Qd5 17. Nf3 Rae8 18. Ne5 Bd8 19. Rfe1 c6 20. Qh5 Bf7 21.
Qh3 g6 22. c4 Qd6 23. Bc3 Bf6 24. Kh1 Bxe5 25. dxe5 Qa3 26. Bd2 Be6 27. Reb1
Rf7 28. Bb4 Qa4 29. Bd6 c5 30. Bxc5 Qc6 31. Bxa7 f4 32. Qf3 Qxf3 33. gxf3 Nxc4
34. Bd4 Nd2 35. Rb6 Bd5 36. c4 Nxc4 1/2-1/2

[Event "4NCL Divsion 4 South"]
[Site "Telford, ENG ENG"]
[Date "2015.11.14"]
[Round "1.99"]
[White "Perrett, David C"]
[Black "Smith, Steve"]
[Result "1-0"]
[WhiteElo "1943"]
[BlackElo "1847"]
[PlyCount "93"]
[EventDate "2015.11.14"]

1. d4 d5 2. Bg5 c6 3. e3 Qb6 4. Qc1 Nd7 5. Nf3 e6 6. Nbd2 Ngf6 7. Bd3 Be7 8.
O-O O-O 9. c4 c5 10. Qc2 cxd4 11. exd4 h6 12. c5 Qc7 13. Bh4 e5 14. Nxe5 Nxe5
15. Bg3 Nfd7 16. b4 Bf6 17. Rae1 Re8 18. f4 Nf3+ 19. Nxf3 Rxe1 20. Rxe1 Qd8 21.
Qe2 Nf8 22. f5 a6 23. Bd6 Bd7 24. Ne5 Nh7 25. Nf3 Ng5 26. Be5 Nxf3+ 27. Qxf3
Bc6 28. Qf2 Qe7 29. Kf1 Re8 30. Re2 Qd8 31. Bxf6 Qxf6 32. Rxe8+ Bxe8 33. Qe3
Bd7 34. Qe5 Qxe5 35. dxe5 Kf8 36. Kf2 Ke7 37. Ke3 Bc6 38. Kd4 Kd7 39. Be2 g6
40. g4 g5 41. Bf3 Bb5 42. Bxd5 Be2 43. Bxf7 Bxg4 44. e6+ Ke7 45. Ke5 Bh3 46.
f6+ Kf8 47. Bh5 1-0

[Event "4NCL Divsion 4 South"]
[Site "Telford, ENG ENG"]
[Date "2015.11.14"]
[Round "1.99"]
[White "Griffiths, Hywel"]
[Black "Dixon, Chris"]
[Result "1/2-1/2"]
[WhiteElo "1836"]
[BlackElo "1812"]
[PlyCount "70"]
[EventDate "2015.11.14"]

1. e4 d6 2. d4 Nf6 3. Bd3 g6 4. Nc3 Bg7 5. Nf3 O-O 6. Bg5 c6 7. Qd2 b5 8. O-O
Qc7 9. Ne2 Bg4 10. Qf4 Bxf3 11. Qxf3 Nbd7 12. Qh3 e5 13. c3 Rae8 14. Ng3 a6 15.
Bh6 c5 16. Bxg7 Kxg7 17. d5 c4 18. Bc2 Nc5 19. a4 bxa4 20. Bxa4 Rb8 21. f4
Ncxe4 22. fxe5 Qc5+ 23. Kh1 dxe5 24. Nxe4 Nxe4 25. Qf3 f5 26. Rad1 Rxb2 27. d6
Nf2+ 28. Rxf2 Qxf2 29. Qd5 Re2 30. h3 e4 31. Qe5+ Kh6 32. Rg1 Qb6 33. Qf4+ Kg7
34. Qe5+ Kh6 35. Qf4+ Kg7 1/2-1/2

[Event "4NCL Divsion 4 South"]
[Site "Telford, ENG ENG"]
[Date "2015.11.14"]
[Round "1.99"]
[White "Willmoth, Robert F"]
[Black "Graham, David B"]
[Result "1/2-1/2"]
[WhiteElo "2245"]
[BlackElo "2111"]
[PlyCount "49"]
[EventDate "2015.11.14"]

1. Nf3 Nf6 2. d4 g6 3. g3 Bg7 4. Bg2 d6 5. O-O O-O 6. Nbd2 Nc6 7. h3 e5 8. dxe5
dxe5 9. e4 Be6 10. b3 a5 11. Bb2 Nd7 12. Qe2 a4 13. a3 axb3 14. cxb3 Nc5 15.
Rfd1 Qd3 16. Qxd3 Nxd3 17. Bc3 Nd4 18. Bf1 Nc5 19. Nxd4 exd4 20. Bb4 Nxb3 21.
Bxf8 Kxf8 22. Rab1 Rxa3 23. Nxb3 Rxb3 24. Rxb3 Bxb3 25. Rb1 1/2-1/2

[Event "4NCL Divsion 4 South"]
[Site "Telford, ENG ENG"]
[Date "2015.11.14"]
[Round "1.99"]
[White "Payne, Matthew J"]
[Black "Eden, Tomer"]
[Result "1/2-1/2"]
[WhiteElo "2004"]
[BlackElo "2215"]
[PlyCount "39"]
[EventDate "2015.11.14"]

1. e4 c6 2. d4 d5 3. f3 e6 4. Nc3 Bb4 5. Nge2 Nf6 6. Ng3 dxe4 7. fxe4 e5 8. a3
Ba5 9. Be3 Ng4 10. Bg1 Bb6 11. Be2 Qh4 12. Bxg4 Bxg4 13. Qd3 Nd7 14. Na4 Bxd4
15. Bxd4 exd4 16. Qxd4 Qf6 17. Qxf6 Nxf6 18. h3 Bc8 19. O-O-O O-O 20. Rhe1
1/2-1/2

[Event "4NCL Divsion 4 South"]
[Site "Telford, ENG ENG"]
[Date "2015.11.14"]
[Round "1.99"]
[White "Pollack, Oscar"]
[Black "Higgs, Anthony R J"]
[Result "0-1"]
[WhiteElo "1960"]
[BlackElo "1971"]
[PlyCount "108"]
[EventDate "2015.11.14"]

1. Nf3 e6 2. g3 b6 3. Bg2 Bb7 4. b3 f5 5. Bb2 Nf6 6. O-O Be7 7. c4 O-O 8. d3 a5
9. Nbd2 Na6 10. a3 Qe8 11. Qc2 Qh5 12. e4 fxe4 13. dxe4 Nc5 14. Rfe1 Ng4 15. h3
Nh6 16. Re2 d6 17. e5 d5 18. cxd5 Bxd5 19. Nd4 Bxg2 20. Kxg2 Nf5 21. Rae1 Rad8
22. Nc6 Rd7 23. Nxe7+ Nxe7 24. Nc4 Qf3+ 25. Kg1 Qxb3 26. Nxa5 Qxc2 27. Rxc2 Nd3
28. Rd1 bxa5 29. Rcd2 Rfd8 30. Bc3 Nc6 31. f4 Nc5 32. Rxd7 Rxd7 33. Rxd7 Nxd7
34. Kf2 Kf7 35. Ke3 Nb6 36. Kd3 Ke7 37. h4 h5 38. Ke4 g6 39. Bd4 Nxd4 40. Kxd4
Kd7 41. Kc5 Kc8 42. Kb5 a4 43. Kc5 Kb7 44. Kb5 Nd5 45. Kxa4 Nc3+ 46. Kb4 Ne2
47. Kb5 Nxg3 48. a4 Nf5 49. a5 Nxh4 50. a6+ Ka7 51. Kc6 Nf5 52. Kd7 Nd4 53. Ke7
h4 54. Kf6 h3 0-1

[Event "4NCL Divsion 4 South"]
[Site "Telford, ENG ENG"]
[Date "2015.11.14"]
[Round "1.99"]
[White "Graham, William M"]
[Black "Chauhan, Pranay"]
[Result "1/2-1/2"]
[WhiteElo "1840"]
[BlackElo "1915"]
[PlyCount "78"]
[EventDate "2015.11.14"]

1. c4 e6 2. g3 Nf6 3. Bg2 d5 4. cxd5 exd5 5. Nf3 Be7 6. O-O O-O 7. d4 c6 8. Nc3
Bf5 9. Qb3 Qb6 10. Qxb6 axb6 11. Bf4 Nbd7 12. Rfe1 h6 13. h4 Rfe8 14. a3 Bf8
15. Rad1 b5 16. Ne5 b4 17. axb4 Bxb4 18. Ra1 Nxe5 19. Bxe5 Ne4 20. Bxe4 Bxe4
21. Rec1 f6 22. Bf4 Bf5 23. Be3 Bxc3 24. bxc3 g5 25. hxg5 hxg5 26. Kf1 Kf7 27.
Ke1 Ke6 28. Kd2 Kd6 29. Rh1 Rxa1 30. Rxa1 Rh8 31. Kc1 Rh1+ 32. Kb2 Rxa1 33.
Kxa1 b6 34. Kb2 c5 35. Kb3 Kc6 36. f3 Kb5 37. Bf2 c4+ 38. Kb2 Ka4 39. Be1 b5
1/2-1/2

[Event "4NCL Divsion 4 South"]
[Site "Telford, ENG ENG"]
[Date "2015.11.14"]
[Round "1.99"]
[White "Hung, Jake"]
[Black "Liu, David J"]
[Result "1/2-1/2"]
[WhiteElo "1893"]
[BlackElo "1828"]
[PlyCount "52"]
[EventDate "2015.11.14"]

1. c4 c5 2. g3 g6 3. Bg2 Bg7 4. Nc3 Nc6 5. Nf3 Nf6 6. O-O O-O 7. d4 cxd4 8.
Nxd4 Nxd4 9. Qxd4 d6 10. e4 Be6 11. Qd3 Rc8 12. b3 Nd7 13. Bb2 Nc5 14. Qe2 a6
15. Rac1 Re8 16. f4 Qd7 17. Qc2 f5 18. Rcd1 b5 19. Nd5 Bxb2 20. Qxb2 Nxe4 21.
cxb5 Qxb5 22. Bxe4 fxe4 23. Ne3 Qc5 24. Qd2 Qc3 25. Qe2 Qc5 26. Kh1 a5 1/2-1/2

[Event "4NCL Divsion 4 South"]
[Site "Telford, ENG ENG"]
[Date "2015.11.14"]
[Round "1.99"]
[White "Graham, Cassie M"]
[Black "Karia, Rishul"]
[Result "1/2-1/2"]
[WhiteElo "1772"]
[BlackElo "1863"]
[PlyCount "80"]
[EventDate "2015.11.14"]

1. e4 e5 2. Nf3 Nc6 3. Bc4 Nf6 4. d4 exd4 5. O-O d6 6. Nxd4 Ne5 7. Bb3 c5 8.
Ba4+ Bd7 9. Bxd7+ Qxd7 10. Nf3 Be7 11. Nc3 O-O-O 12. Bg5 Qe6 13. Nxe5 dxe5 14.
Qe2 h5 15. Rfd1 Rdg8 16. Nd5 Bd6 17. Qd3 Ne8 18. Qa3 Nc7 19. Qxa7 Nxd5 20. exd5
Qd7 21. Bd2 Kd8 22. Be3 Qc7 23. b4 b6 24. Qxc7+ Kxc7 25. bxc5 bxc5 26. Rd3 f5
27. Rc3 e4 28. Bxc5 Bxc5 29. Rxc5+ Kd6 30. Rb5 Rc8 31. Rb2 Kxd5 32. g3 h4 33.
Kg2 Rc3 34. Rd1+ Ke5 35. Rb5+ Kf6 36. Rb6+ Kg5 37. Rd2 h3+ 38. Kf1 Rhc8 39. Rb2
Kg4 40. Ke2 g5 1/2-1/2

[Event "4NCL Divsion 4 South"]
[Site "Telford, ENG ENG"]
[Date "2015.11.14"]
[Round "1.99"]
[White "Mallin, Max"]
[Black "Burke, Steven J"]
[Result "1/2-1/2"]
[WhiteElo "1750"]
[BlackElo "1945"]
[PlyCount "36"]
[EventDate "2015.11.14"]

1. d4 d5 2. c4 c6 3. Nf3 Nf6 4. Nc3 a6 5. c5 g6 6. h3 Bg7 7. Bf4 O-O 8. e3 Re8
9. Bd3 Nbd7 10. g4 b6 11. cxb6 Qxb6 12. Qd2 Bb7 13. Na4 Qd8 14. Rc1 a5 15. Ne5
Nxe5 16. Bxe5 Nd7 17. Bxg7 Kxg7 18. f4 Ra7 1/2-1/2

[Event "4NCL Divsion 4 South"]
[Site "Telford, ENG ENG"]
[Date "2015.11.14"]
[Round "1.99"]
[White "Garnett, John S"]
[Black "Balouka Myers, Gabriel"]
[Result "1-0"]
[WhiteElo "1956"]
[BlackElo "1810"]
[PlyCount "109"]
[EventDate "2015.11.14"]

1. d4 d5 2. Nf3 c6 3. Bf4 Nf6 4. e3 e6 5. Bd3 Qb6 6. b3 c5 7. dxc5 Bxc5 8. O-O
Nc6 9. c4 O-O 10. Nc3 Re8 11. Na4 Qa5 12. Nxc5 Qxc5 13. Rc1 e5 14. cxd5 Qxd5
15. e4 Nxe4 16. Be3 Nf6 17. Bc4 Qxd1 18. Rfxd1 e4 19. Ng5 Ne5 20. Bb5 Bd7 21.
Bxd7 Nexd7 22. Rc7 h6 23. Nh3 b6 24. Nf4 Ne5 25. h3 g5 26. Nd5 Nxd5 27. Rxd5
Rad8 28. Rxd8 Rxd8 29. Rxa7 Rd1+ 30. Kh2 f5 31. Bxb6 Nc6 32. Rc7 Nb4 33. a3 Nd3
34. a4 Rd2 35. a5 Ra2 36. Rc4 Kf7 37. Ra4 Rxa4 38. bxa4 Nb4 39. g4 f4 40. Kg2
Ke6 41. Bc5 Na6 42. Bf8 Kf7 43. Bxh6 Kg6 44. Bf8 Kf6 45. Ba3 Nb8 46. Bd6 Na6
47. h4 Kg6 48. h5+ Kg7 49. Kf1 Kf6 50. Ke2 Kg7 51. Kd2 Kf6 52. Kc3 Kg7 53. Kd4
e3 54. fxe3 fxe3 55. Kxe3 1-0

[Event "4NCL Divsion 4 South"]
[Site "Telford, ENG ENG"]
[Date "2015.11.14"]
[Round "1.99"]
[White "Balouka Myers, Reuben"]
[Black "Truman, Richard G"]
[Result "0-1"]
[WhiteElo "1653"]
[BlackElo "1966"]
[PlyCount "40"]
[EventDate "2015.11.14"]

1. Nf3 Nf6 2. g3 g6 3. Bg2 Bg7 4. d4 d5 5. Bf4 c5 6. e3 Qb6 7. Qc1 Ne4 8. c3
Nc6 9. O-O O-O 10. Nbd2 Bf5 11. Nh4 Rac8 12. Nxf5 gxf5 13. Bh3 cxd4 14. Nxe4
dxe4 15. Bxf5 dxc3 16. bxc3 e6 17. Bxe4 f5 18. Bd3 Nb4 19. Be2 Rxc3 20. Qe1 Nc2
0-1

[Event "4NCL Divsion 4 South"]
[Site "Telford, ENG ENG"]
[Date "2015.11.14"]
[Round "1.99"]
[White "Taylor, Robert P"]
[Black "Willmoth, Harrison"]
[Result "1-0"]
[WhiteElo "1922"]
[BlackElo "1675"]
[PlyCount "61"]
[EventDate "2015.11.14"]

1. d4 d6 2. Nf3 Bg4 3. Bg5 Bxf3 4. exf3 Nd7 5. Nc3 Ngf6 6. Bd3 e6 7. O-O Be7 8.
Re1 O-O 9. Qd2 d5 10. a3 c5 11. dxc5 Nxc5 12. Bf1 Rc8 13. Qf4 Nh5 14. Bxe7 Nxf4
15. Bxd8 Rfxd8 16. Nb5 a6 17. Nd4 Ng6 18. b4 Nd7 19. Bd3 Nf4 20. Bf1 e5 21. g3
Ng6 22. Nf5 Rxc2 23. Nd6 b5 24. Bh3 Nb6 25. Nb7 Ra8 26. Bf5 f6 27. Bxc2 Rb8 28.
Nc5 Nc4 29. Bf5 Nd2 30. Be6+ Kh8 31. Bxd5 1-0

[Event "4NCL Divsion 4 South"]
[Site "Telford, ENG ENG"]
[Date "2015.11.14"]
[Round "1.99"]
[White "Lewis, Tim"]
[Black "Flynn, David"]
[Result "0-1"]
[WhiteElo "1623"]
[BlackElo "1857"]
[PlyCount "62"]
[EventDate "2015.11.14"]

1. e4 c5 2. Nc3 d6 3. f4 g6 4. Nf3 Bg7 5. Bc4 Nc6 6. O-O Nf6 7. d3 O-O 8. Qe1
e6 9. f5 d5 10. exd5 exd5 11. Nxd5 Nxd5 12. Bg5 f6 13. Bd2 Bxf5 14. Nh4 Bc8 15.
Qe4 Nce7 16. Rae1 Kh8 17. Nxg6+ Nxg6 18. Bxd5 f5 19. Qf3 Ne5 20. Rxe5 Bxe5 21.
Bc4 Qh4 22. h3 Qf6 23. Re1 Bd4+ 24. Kh1 Bd7 25. Qxb7 Bc6 26. Qe7 Qxe7 27. Rxe7
Rfe8 28. Re1 Rxe1+ 29. Bxe1 Re8 30. Bh4 Re2 31. c3 Bg7 0-1

[Event "4NCL Divsion 4 South"]
[Site "Telford, ENG ENG"]
[Date "2015.11.14"]
[Round "1.99"]
[White "Graham, Neil"]
[Black "Karia, Devin"]
[Result "1-0"]
[WhiteElo "1824"]
[BlackElo "1608"]
[PlyCount "131"]
[EventDate "2015.11.14"]

1. d4 d5 2. e4 c5 3. dxc5 e6 4. b4 b6 5. Bb5+ Bd7 6. Bxd7+ Qxd7 7. Be3 bxc5 8.
Bxc5 Bxc5 9. bxc5 dxe4 10. Qe2 Nf6 11. Nd2 Qd4 12. Rd1 O-O 13. Nb3 Qc3+ 14. Qd2
Qxd2+ 15. Rxd2 Nc6 16. Ne2 Nb4 17. a3 Na6 18. Rd6 Nc7 19. O-O Nb5 20. Ra6 Rfc8
21. h3 Nd7 22. Ng3 Nxc5 23. Nxc5 Rxc5 24. Ra5 Rac8 25. Nxe4 Rd5 26. Rb1 Nd4 27.
Rxa7 f5 28. c4 Rdd8 29. Ng3 Rb8 30. Rbb7 Rxb7 31. Rxb7 Ra8 32. Nh5 g6 33. Nf6+
Kf8 34. Nxh7+ Kg8 35. Nf6+ Kf8 36. Nh7+ Kg8 37. Re7 Ne2+ 38. Kf1 Nf4 39. g3 Nh5
40. Ng5 e5 41. Nf3 Nf6 42. Re6 e4 43. Ne5 Kg7 44. c5 Ra5 45. Rc6 Rxa3 46. Rc7+
Kf8 47. Rf7+ Ke8 48. Rxf6 Rc3 49. c6 e3 50. fxe3 Rxe3 51. c7 Rc3 52. Rc6 Rxc6
53. Nxc6 Kd7 54. Ne5+ Kxc7 55. Nxg6 Kd6 56. Kf2 Ke6 57. Kf3 Kf6 58. Nf4 Kg5 59.
Ne2 Kg6 60. Kf4 Kf6 61. Nd4 Kg6 62. Nxf5 Kh7 63. Kg5 Kg8 64. Kg6 Kh8 65. Kf7
Kh7 66. g4 1-0

[Event "4NCL Divsion 4 South"]
[Site "Telford, ENG ENG"]
[Date "2015.11.14"]
[Round "1.99"]
[White "Paul, Nathanael"]
[Black "Hendy, Jerry"]
[Result "1-0"]
[WhiteElo "2012"]
[BlackElo "1840"]
[PlyCount "65"]
[EventDate "2015.11.14"]

1. e4 c5 2. Nf3 d6 3. d4 cxd4 4. Nxd4 Nf6 5. Nc3 a6 6. Bg5 Nc6 7. Qd2 Qb6 8.
O-O-O Bd7 9. Bxf6 gxf6 10. Nd5 Qd8 11. Kb1 Rc8 12. Rg1 e6 13. Ne3 Bh6 14. Nb3
Qc7 15. Qxd6 Qxd6 16. Rxd6 Bxe3 17. fxe3 Ne5 18. Be2 Ke7 19. Rgd1 Bc6 20. R6d4
Rhg8 21. g3 b5 22. Na5 Ba8 23. c4 b4 24. Ka1 Rg5 25. Nb3 Rc7 26. c5 a5 27. Nxa5
Rxc5 28. Nb3 Rc2 29. Bb5 Rxh2 30. Rd8 f5 31. Rxa8 fxe4 32. Nc5 Rxg3 33. Nxe4
1-0

[Event "4NCL Divsion 4 South"]
[Site "Telford, ENG ENG"]
[Date "2015.11.14"]
[Round "1.99"]
[White "Woolgar, Steven G"]
[Black "Tarr, Steve F"]
[Result "0-1"]
[WhiteElo "1787"]
[BlackElo "1885"]
[PlyCount "60"]
[EventDate "2015.11.14"]

1. c4 Nf6 2. Nc3 e6 3. g3 d5 4. cxd5 exd5 5. d4 c6 6. Bg2 Bf5 7. Nf3 h6 8. O-O
Nbd7 9. Qb3 Qb6 10. Qxb6 axb6 11. a3 Bd6 12. Nh4 Bh7 13. Re1 g5 14. e4 dxe4 15.
Nxe4 Nxe4 16. Bxe4 O-O-O 17. Bxh7 gxh4 18. Bf5 Kc7 19. Bd2 Nf6 20. Rac1 hxg3
21. hxg3 Rdg8 22. Kg2 h5 23. Kh3 Ng4 24. Bxg4 hxg4+ 25. Kg2 Re8 26. Be3 Rh3 27.
b4 Rh5 28. Rh1 Rf5 29. Rh4 Re4 30. Kf1 Rxe3 0-1

[Event "4NCL Divsion 4 South"]
[Site "Telford, ENG ENG"]
[Date "2015.11.14"]
[Round "1.99"]
[White "Kolbusz, George"]
[Black "Marlow, Ben"]
[Result "1/2-1/2"]
[WhiteElo "1907"]
[BlackElo "1787"]
[PlyCount "104"]
[EventDate "2015.11.14"]

1. d4 Nf6 2. c4 e6 3. Nf3 d5 4. Nc3 Be7 5. e3 O-O 6. cxd5 exd5 7. Bd3 Bg4 8. h3
Bxf3 9. Qxf3 c6 10. O-O Nbd7 11. b3 Re8 12. Bb2 Bf8 13. Rac1 Rc8 14. a3 a5 15.
Na4 Ne4 16. Bxe4 dxe4 17. Qe2 Qh4 18. Nc5 Nxc5 19. dxc5 Re6 20. Qg4 Qxg4 21.
hxg4 Rd8 22. Bd4 g6 23. Rfd1 Ree8 24. Rc4 Bg7 25. Rdc1 Bxd4 26. exd4 e3 27. f3
f5 28. gxf5 gxf5 29. Kf1 f4 30. Ke2 Rd7 31. Ra4 Rg7 32. Rg1 Rd8 33. Kd3 h5 34.
Ke4 Re8+ 35. Kxf4 e2 36. Re1 Rxg2 37. Rc4 h4 38. Rcc1 h3 39. Rh1 h2 40. Rce1
Rg1 41. Rhxg1+ hxg1=Q 42. Rxg1+ Kf7 43. Re1 Kf6 44. b4 a4 45. Kg3 Re3 46. Kf2
Rxa3 47. Rxe2 Rb3 48. Ra2 Rxb4 49. Ke3 Rb3+ 50. Ke4 a3 51. f4 Rc3 52. f5 Rb3
1/2-1/2